Собрание сочинений: в 8 т.; пер. с англ.

Dettagli Bibliografici
Autore principale: Скотт В. Вальтер
Altri autori: Урнов Д. М. Дмитрий Михайлович (составитель), Вуколов О. К. (иллюстратор)
Lingua:russo
Pubblicazione: Москва, Правда, 1990-
Serie:Библиотека "Огонёк"
Natura: Libro
KOHA link:https://koha.lib.tpu.ru/cgi-bin/koha/opac-detail.pl?biblionumber=162603

MARC

LEADER 00000nam0a2200000 4500
001 162603
005 20231101222332.0
035 |a (RuTPU)RU\TPU\book\176365 
090 |a 162603 
100 |a 20090624d1990 m y0rusy50 ca 
101 1 |a rus  |c eng 
102 |a RU 
105 |a a z 001zy 
200 1 |a Собрание сочинений  |e в 8 т.  |e пер. с англ.  |f В. Скотт  |g сост. Д. М. Урнов ; худож. О. К. Вуколов 
210 |a Москва  |c Правда  |d 1990- 
225 1 |a Библиотека "Огонёк" 
675 |a 82  |v 3 
700 1 |a Скотт  |b В.  |c английский писатель  |f 1771-1832  |g Вальтер  |2 stltpush  |3 (RuTPU)RU\TPU\pers\9275  |9 1830 
702 1 |a Урнов  |b Д. М.  |g Дмитрий Михайлович  |4 220 
702 1 |a Вуколов  |b О. К.  |4 440 
801 1 |a RU  |b 63413507  |c 20090624  |g PSBO 
942 |c BK